000 00666nam a2200217Ia 4500
003 GCL
008 140319s9999 xx 000 0 ara d
020 _a6274215977
040 _aGCL /
_cGCL
082 0 4 _a302
_bن غ
100 1 _aنبيل راغب
245 1 0 _aغسيل المخ :
_bكيف يغيب العقل ومتى ؟ /
_cنبيل راغب
260 _aالقاهرة :
_bدار غريب للطباعة والنشر والتوزيع
300 _a142 ص ؛
_c24 سم
650 0 4 _aعلم النفس
650 0 4 _aالاعلان
650 0 4 _aالدعاية
650 0 4 _aالتنويم المغناطيسى
650 0 4 _aالمخ
942 _2ddc
_cBK
999 _c6775
_d6775